Effect of Some Antirheumatics on some hormones and testicular functions of male albino rats / (رقم التسجيلة. 177696)
[ عرض عادي ]
| 000 -LEADER | |
|---|---|
| fixed length control field | 01578namaa22003251i 4500 |
| 005 - أخر تعامل مع التسجيلة | |
| control field | 20260301122614.0 |
| 008 - FIXED-LENGTH DATA ELEMENTS--GENERAL INFORMATION | |
| fixed length control field | 260114s1996 ua a|||fr|m|| 000 0 eng d |
| 040 ## - CATALOGING SOURCE | |
| Original cataloguing agency | EG-GICUC |
| Language of cataloging | eng |
| Transcribing agency | EG-GICUC |
| Modifying agency | EG-GICUC |
| Description conventions | rda |
| 041 0# - LANGUAGE CODE | |
| Language code of text/sound track or separate title | eng |
| Language code of summary or abstract | eng |
| -- | ara |
| 049 ## - Acquisition Source | |
| Acquisition Source | Deposit |
| 097 ## - Degree | |
| Degree | M.Sc |
| 099 ## - LOCAL FREE-TEXT CALL NUMBER (OCLC) | |
| Local Call Number | Cai01.10.16.M.Sc.1996.Fa.E |
| 100 0# - MAIN ENTRY--PERSONAL NAME | |
| Authority record control number or standard number | Fathy Ismail Fadl Allah El-Far, |
| Preparation | preparation. |
| 245 10 - TITLE STATEMENT | |
| Title | Effect of Some Antirheumatics on some hormones and testicular functions of male albino rats / |
| Statement of responsibility, etc. | By Fathy Ismail Fadl Allah El-Far; Supervised Dr. Ali Abd El-Maksoud Farahat, Dr. Mohamed Younis Mohamed, Dr. Gamal El-Sayed Saber El-Essawy |
| 246 15 - VARYING FORM OF TITLE | |
| Title proper/short title | تأثير بعض مضادات الرواتيزم على بعض الهرمونات ووظائف الخصية فى ذكور الفئران |
| 264 #0 - PRODUCTION, PUBLICATION, DISTRIBUTION, MANUFACTURE, AND COPYRIGHT NOTICE | |
| Date of production, publication, distribution, manufacture, or copyright notice | 1996. |
| 300 ## - PHYSICAL DESCRIPTION | |
| Extent | 92 Leaves : |
| Other physical details | illustrations ; |
| Dimensions | 30 cm. + |
| 336 ## - CONTENT TYPE | |
| Source | rda content |
| Content type term | text |
| 337 ## - MEDIA TYPE | |
| Source | rdamedia |
| Media type term | Unmediated |
| 338 ## - CARRIER TYPE | |
| Source | rdacarrier |
| Carrier type term | volume |
| 502 ## - DISSERTATION NOTE | |
| Dissertation note | Thesis (M.Sc.) -Cairo University, 1996 |
| 504 ## - BIBLIOGRAPHY, ETC. NOTE | |
| Bibliography, etc. note | Bibliography: pages 66 : 92 |
| 653 #0 - INDEX TERM--UNCONTROLLED | |
| Uncontrolled term | male albino rats |
| -- | hormones and testicular functions |
| 700 0# - ADDED ENTRY--PERSONAL NAME | |
| Personal name | Ali Abd El-Maksoud Farahat |
| Relator term | thesis advisor. |
| 700 0# - ADDED ENTRY--PERSONAL NAME | |
| Personal name | Mohamed Younis Mohamed |
| Relator term | thesis advisor. |
| 700 0# - ADDED ENTRY--PERSONAL NAME | |
| Personal name | Gamal El-Sayed Saber El-Essawy |
| Relator term | thesis advisor. |
| 900 ## - Thesis Information | |
| Department | Department of Physiology |
| Faculties | Faculty of Medicine |
| Universities | Cairo University |
| Grant date | 1996 |
| Supervisory body | Ali Abd El-Maksoud Farahat |
| -- | Gamal El-sayed Saber El-Essawy |
| -- | Mohamed Younis Mohamed |
| Discussion body | Ali Abd El-Maksoud Farahat |
| 905 ## - Cataloger and Reviser Names | |
| Cataloger Name | Nagat Ghanem |
| Reviser Names | Nourhan |
| 942 ## - ADDED ENTRY ELEMENTS (KOHA) | |
| Source of classification or shelving scheme | Dewey Decimal Classification |
| Koha item type | Thesis |
| Edition | 21 |
| Suppress in OPAC | No |
| Source of classification or shelving scheme | Home library | Current library | Date acquired | Inventory number | Full call number | Barcode | Date last seen | Effective from | Koha item type |
|---|---|---|---|---|---|---|---|---|---|
| Dewey Decimal Classification | المكتبة المركزبة الجديدة - جامعة القاهرة | مكتبة المئوية | 14.01.2026 | 27474 | Cai01.10.16.M.Sc.1996.Fa.e | 01010110027474000 | 14.01.2026 | 14.01.2026 | Thesis |